| 000 | 00889nam a2200265 i 4500 | ||
|---|---|---|---|
| 001 | 18771 | ||
| 003 | ES-MaACL | ||
| 005 | 20250624194444.0 | ||
| 007 | t| | ||
| 008 | 020313s2000 sp bd |||| | spa d | ||
| 020 | _a84-7719-880-2 | ||
| 080 | _a332.3(460.181 L.) | ||
| 080 | _a338.1(460.181 L.) | ||
| 080 | _a308(460.181 L.) | ||
| 100 | 1 |
_aGonzález González, María Jesús. _958685 |
|
| 245 | 1 | 0 |
_aAtlas social de la ciudad de León / _cMaría Jesús González González, María Elena Pérez Llamazares. |
| 260 |
_aLeón : _bEdiciones Universidad de León, _c2000. |
||
| 300 |
_a247 p : _bgráf., mapas ; _c24 cm. |
||
| 650 | 1 | 4 |
_aUsos del suelo- _zLeón. _917717 |
| 651 | 4 |
_aLeón- _xSituación económica _98913 |
|
| 651 | 4 |
_aLeón- _xSituación social. _98914 |
|
| 700 | 1 |
_aPérez Llamazares, María Elena. _990969 |
|
| 852 |
_aES-MaACL _jL-25341 |
||
| 999 |
_c18771 _d18771 |
||